|
|
|
|
| LEADER |
00000nbm0a2200000 4500 |
| 001 |
152858 |
| 005 |
20231031151200.0 |
| 029 |
0 |
0 |
|a SU
|b 01830069751
|f ТПУ
|
| 035 |
|
|
|a (RuTPU)RU\TPU\book\165726
|
| 090 |
|
|
|a 152858
|
| 100 |
|
|
|a 20090205d1990 k y0rusy50 ca
|
| 101 |
0 |
|
|a rus
|
| 102 |
|
|
|a RU
|
| 105 |
|
|
|a a p 001zy
|
| 200 |
1 |
|
|a Разработка и исследование технологии и системы импульсного питания для сварки в [СО2] длинной дугой
|e Заключительный отчет о НИР
|e Тема: х/д 4-58/82
|f Томский политехнический институт (ТПИ) ; руководитель А. Ф. Князьков ; В. В. Швалев
|
| 210 |
|
|
|a Томск
|d 1990
|
| 215 |
|
|
|a 30 л.
|
| 320 |
|
|
|a Библиогр.: с. 28-29.
|
| 610 |
1 |
|
|a отчеты о НИР
|
| 610 |
1 |
|
|a импульсно-дуговая сварка
|
| 610 |
1 |
|
|a импульсное питание
|
| 610 |
1 |
|
|a электродное питание
|
| 610 |
1 |
|
|a перенос
|
| 610 |
1 |
|
|a плавящийся электрод
|
| 675 |
|
|
|a 621.791.753.9(04)
|v 3
|
| 702 |
|
1 |
|a Князьков
|b А. Ф.
|4 673
|
| 702 |
|
1 |
|a Швалев
|b В. В.
|4 677
|
| 712 |
0 |
2 |
|a Томский политехнический институт (ТПИ)
|c (1944-1991)
|2 stltpush
|3 (RuTPU)RU\TPU\col\1123
|4 595
|
| 801 |
|
1 |
|a RU
|b 63413507
|c 20090205
|g PSBO
|
| 801 |
|
2 |
|a RU
|b 63413507
|c 20090205
|g PSBO
|
| 942 |
|
|
|c BK
|